Aprendo a pensar desarrollando mi inteligencia : (Record no. 109905)

MARC details
000 -CABECERA
campo de control de longitud fija 00703nam a2200217 a 4500
005 - FECHA Y HORA DE LA ÚLTIMA TRANSACCIÓN
campo de control 20240902063641.0
008 - ELEMENTOS DE LONGITUD FIJA--INFORMACIÓN GENERAL
campo de control de longitud fija 050303s1999 es r 000 0 spa d
020 ## - NÚMERO INTERNACIONAL NORMALIZADO PARA LIBROS
Número Internacional Estándar del Libro 8472782174
035 ## - NÚMERO DE CONTROL DEL SISTEMA
Número de control de sistema UPN01000137754
049 ## - COLECCIÓN
Colección LT
050 #4 - SIGNATURA TOPOGRÁFICA DE LA BIBLIOTECA DEL CONGRESO
Número de clasificación LB1555 E5.5
Número de documento/Ítem A6.7 LM
245 00 - MENCIÓN DE TÍTULO
Título Aprendo a pensar desarrollando mi inteligencia :
Resto del título guía APDI 5-6 : desarrollo de ejercicios /
Mención de responsabilidad, etc. il. Javier Aznar Serrano.
260 ## - PUBLICACIÓN, DISTRIBUCIÓN, ETC.
Lugar de publicación, distribución, etc. Madrid :
Nombre del editor, distribuidor, etc. ICCE,
Fecha de publicación, distribución, etc. 1999.
300 ## - DESCRIPCIÓN FÍSICA
Extensión 130 p.
Otras características físicas il.
440 #0 - MENCIÓN DE SERIE/ASIENTO SECUNDARIO--TÍTULO
Título APDI
500 ## - NOTA GENERAL
Nota general Título tomado de la cubierta
650 #2 - ASIENTO SECUNDARIO DE MATERIA - TERMINO TEMATICO
Término de materia o nombre geográfico como elemento de entrada Desarrollo intelectual
9 (RLIN) 9159
650 #2 - ASIENTO SECUNDARIO DE MATERIA - TERMINO TEMATICO
Término de materia o nombre geográfico como elemento de entrada Desarrollo cognoscitivo
9 (RLIN) 5390
650 #4 - ASIENTO SECUNDARIO DE MATERIA - TERMINO TEMATICO
Término de materia o nombre geográfico como elemento de entrada INTELIGENCIA -
Subdivisión de forma PROBLEMAS, EJERCICIOS, ETC.
9 (RLIN) 8358
905 ## - TIPO DE MATERIAL
Tipo de material Libro
Holdings
Estado de retiro Estado de pérdida Fuente del sistema de clasificación o colocación Estado dañado No para préstamo Código de colección Localización permanente Ubicación/localización actual Ubicación en estantería Fecha de adquisición Clasificación Código de barras Fecha visto por última vez Número de copia Tipo de ítem Koha Enumeración/cronología de publicación seriada Total de préstamos
    Library of Congress Classification   Disponible (Préstamo en sala) Libros de texto Bib. Gregorio Torres Quintero Bib. Gregorio Torres Quintero Colecciones especiales Planta alta 25/05/2023 LB1555 E5.5 A6.7 LM 203763 31/12/2020 1 Libro    
    Library of Congress Classification   Disponible (Préstamo en sala) Libros de texto Bib. Gregorio Torres Quintero Bib. Gregorio Torres Quintero Colecciones especiales Planta alta 25/05/2023 LB1555 E5.5 A6.7 LM 203764 31/12/2020 1 Libro    
    Library of Congress Classification   Disponible (Préstamo en sala) Libros de texto Bib. Gregorio Torres Quintero Bib. Gregorio Torres Quintero Colecciones especiales Planta alta 25/05/2023 LB1555 E5.5 A6.7 LM 203765 31/12/2020 1 Libro    
    Library of Congress Classification   En proceso Infantil Bib. Gregorio Torres Quintero Bib. Gregorio Torres Quintero Sala infantil Planta baja 02/05/2023 BF431.3 G8.4 189324 31/12/2020 1 Libro Corregir clas. 1